<?xml version="1.0" encoding="UTF-8"?>
<record
    xmlns:xsi="http://www.w3.org/2001/XMLSchema-instance"
    xsi:schemaLocation="http://www.loc.gov/MARC21/slim http://www.loc.gov/standards/marcxml/schema/MARC21slim.xsd"
    xmlns="http://www.loc.gov/MARC21/slim">

  <leader>01562nam2a2200301   4500</leader>
  <controlfield tag="001">RU\NLR\BIBL_A\011330850</controlfield>
  <controlfield tag="005">20250626043818.0</controlfield>
  <datafield tag="010" ind1=" " ind2=" ">
    <subfield code="a">978-5-9530-0460-2</subfield>
    <subfield code="9">100</subfield>
  </datafield>
  <datafield tag="021" ind1=" " ind2=" ">
    <subfield code="a">RU</subfield>
    <subfield code="b">2017-3567</subfield>
    <subfield code="9">255</subfield>
  </datafield>
  <datafield tag="021" ind1=" " ind2=" ">
    <subfield code="a">RU</subfield>
    <subfield code="b">2017-13044</subfield>
    <subfield code="9">960</subfield>
  </datafield>
  <datafield tag="035" ind1=" " ind2=" ">
    <subfield code="a">(NLR Aleph) 011330850</subfield>
  </datafield>
  <datafield tag="090" ind1=" " ind2=" ">
    <subfield code="a">11133284</subfield>
    <subfield code="c">11133284</subfield>
  </datafield>
  <datafield tag="100" ind1=" " ind2=" ">
    <subfield code="a">20170217d2016    |||y0rusy50      ca</subfield>
  </datafield>
  <datafield tag="101" ind1="0" ind2=" ">
    <subfield code="a">rus</subfield>
  </datafield>
  <datafield tag="102" ind1=" " ind2=" ">
    <subfield code="a">RU</subfield>
  </datafield>
  <datafield tag="105" ind1=" " ind2=" ">
    <subfield code="a">a   z   000zy</subfield>
  </datafield>
  <datafield tag="200" ind1="1" ind2=" ">
    <subfield code="a">Selected aspects of new particle formation in the Earth atmosphere: phenomenology and mechanistic description</subfield>
    <subfield code="f">Olaf Hellmuth</subfield>
  </datafield>
  <datafield tag="210" ind1=" " ind2=" ">
    <subfield code="d">2016</subfield>
    <subfield code="a">&#x411;. &#x43C;.</subfield>
  </datafield>
  <datafield tag="215" ind1=" " ind2=" ">
    <subfield code="a">VI, 495 &#x441;.</subfield>
    <subfield code="c">&#x438;&#x43B;.</subfield>
  </datafield>
  <datafield tag="320" ind1=" " ind2=" ">
    <subfield code="a">&#x411;&#x438;&#x431;&#x43B;&#x438;&#x43E;&#x433;&#x440;.: &#x441;. 471-495</subfield>
  </datafield>
  <datafield tag="461" ind1=" " ind2="0">
    <subfield code="1">001RU\NLR\b_ik\203844</subfield>
    <subfield code="1">2001#$aNucleation theory and applications$especial issues$eReview series on selected topics of atmospheric sol formation$fOlaf Hellmuth, Vitaly I. Khvorostyanov, Judith A. Curry [et al.]$gJ&#xFC;rn W.P. Schmelzer a. Olaf Hellmuth (ed.)$gJoint inst. for nuclear research$vVol. 2</subfield>
    <subfield code="9">9785058</subfield>
    <subfield code="c">Dubna</subfield>
    <subfield code="d">2013</subfield>
    <subfield code="f">Olaf Hellmuth, Vitaly I. Khvorostyanov, Judith A. Curry [et al.]</subfield>
    <subfield code="n">JINR</subfield>
    <subfield code="o">special issues : Review series on selected topics of atmospheric sol formation</subfield>
    <subfield code="t">Nucleation theory and applications</subfield>
    <subfield code="v">Vol. 2</subfield>
  </datafield>
  <datafield tag="541" ind1="1" ind2=" ">
    <subfield code="a">&#x418;&#x437;&#x431;&#x440;&#x430;&#x43D;&#x43D;&#x44B;&#x435; &#x430;&#x441;&#x43F;&#x435;&#x43A;&#x442;&#x44B; &#x43E;&#x431;&#x440;&#x430;&#x437;&#x43E;&#x432;&#x430;&#x43D;&#x438;&#x44F; &#x43D;&#x43E;&#x432;&#x44B;&#x445; &#x447;&#x430;&#x441;&#x442;&#x438;&#x446; &#x432; &#x430;&#x442;&#x43C;&#x43E;&#x441;&#x444;&#x435;&#x440;&#x435; &#x417;&#x435;&#x43C;&#x43B;&#x438;</subfield>
  </datafield>
  <datafield tag="606" ind1="1" ind2=" ">
    <subfield code="a">&#x410;&#x44D;&#x440;&#x43E;&#x437;&#x43E;&#x43B;&#x438; &#x430;&#x442;&#x43C;&#x43E;&#x441;&#x444;&#x435;&#x440;&#x43D;&#x44B;&#x435;</subfield>
    <subfield code="x">&#x41E;&#x431;&#x440;&#x430;&#x437;&#x43E;&#x432;&#x430;&#x43D;&#x438;&#x435;</subfield>
    <subfield code="9">2316695</subfield>
    <subfield code="3">RU\NLR\AUTH\6601611425</subfield>
  </datafield>
  <datafield tag="686" ind1="1" ind2=" ">
    <subfield code="a">&#x414;232.2</subfield>
  </datafield>
  <datafield tag="942" ind1=" " ind2=" ">
    <subfield code="c">BOOK</subfield>
  </datafield>
  <datafield tag="980" ind1=" " ind2=" ">
    <subfield code="a">NB</subfield>
  </datafield>
  <datafield tag="995" ind1=" " ind2=" ">
    <subfield code="5">2017-02-17</subfield>
    <subfield code="a">ad</subfield>
    <subfield code="b">NLR01</subfield>
    <subfield code="c">NLR01</subfield>
    <subfield code="e">IF</subfield>
    <subfield code="f">1-1725208</subfield>
    <subfield code="k">&#x418;&#x43A; 2013-7/882</subfield>
    <subfield code="o">0</subfield>
    <subfield code="r">BOOK</subfield>
    <subfield code="s">_20137882</subfield>
  </datafield>
  <datafield tag="995" ind1=" " ind2=" ">
    <subfield code="5">2017-03-24</subfield>
    <subfield code="a">ad</subfield>
    <subfield code="b">NLR01</subfield>
    <subfield code="c">NLR01</subfield>
    <subfield code="e">OBM</subfield>
    <subfield code="f">1-1789020</subfield>
    <subfield code="o">0</subfield>
    <subfield code="p">50.00</subfield>
    <subfield code="r">BOOK</subfield>
  </datafield>
</record>
